000 00695nam a2200289Ia 4500
005 20260121124644.0
008 008 260114s9999 xx 000 0 eng d
020 _a9781772840506
037 _aEBOOK
040 _aCRL
040 _beng
040 _cCRL
041 _2eng
041 _aeng
084 _qCRL
100 _aBurnett, Kristin
_9979691
245 0 _aPlundering the North
260 _bWalter de Gruyter
260 _bWalter de Gruyter
260 _c2023
650 _aPolitical Science
_9979692
700 _a Hay, Travis
_9979693
856 _uhttp://www.degruyter.com/isbn/9781772840506
942 _cEBOOK
999 _c1556210
_d1556210